[Event "FIDE World Cup"]
[Site "Tbilisi"]
[Date "2017.09.21"]
[Round "6.8"]
[White "Vachier Lagrave, Maxime"]
[Black "Aronian, Levon"]
[Result "1/2-1/2"]
[WhiteElo "2804"]
[BlackElo "2802"]
[Annotator "Sagar Shah"]
[PlyCount "81"]
[EventDate "2017.09.03"]
[EventType "k.o."]
[EventRounds "7"]
[EventCountry "GEO"]
[SourceTitle "CBM 181"]
[Source "ChessBase"]
[SourceDate "2017.11.10"]
[SourceVersion "1"]
[SourceVersionDate "2017.11.10"]
[SourceQuality "1"]

1. e4 e5 2. Nf3 Nc6 3. Bb5 a6 4. Ba4 Nf6 5. O-O Be7 6. d3 b5 7. Bb3 d6 8. a3
O-O 9. Nc3 Na5 10. Ba2 Be6 11. b4 Bxa2 12. Rxa2 {Instead of the knight, this
time MVL takes with the rook.} Nc6 13. Bg5 Nd7 14. Bd2 Nf6 15. Qb1 d5 16. Bg5
dxe4 17. dxe4 Qd6 18. Qb3 $6 (18. Rd1 Nd4 $15) 18... Nd4 $1 19. Nxd4 exd4 20.
Bxf6 Bxf6 21. Ne2 (21. Nd5 Bd8 $15) 21... Rfe8 22. Ng3 c5 {Black once again
has an excellent position.} 23. bxc5 Qxc5 24. a4 h5 25. axb5 axb5 26. Rxa8 Rxa8
27. Rb1 Rc8 (27... h4 $5) 28. Qxb5 Qxb5 29. Rxb5 h4 30. Nf1 Rxc2 {Black has a
slight initiative, but it is not enough.} 31. Rd5 Re2 32. h3 Rxe4 33. g4 Re8
34. Kg2 Rd8 35. Rxd8+ Bxd8 36. Kf3 g6 37. Ke4 Kg7 38. Nd2 Bb6 39. f4 Bc7 40.
Nf3 d3 41. Kxd3 {A well played game by Aronian, who held the edge but couldn't
convert.} 1/2-1/2

[Event "Candidates Tournament"]
[Site "Moscow"]
[Date "2016.03.25"]
[Round "12"]
[White "Caruana, Fabiano"]
[Black "Aronian, Levon"]
[Result "1/2-1/2"]
[WhiteElo "2794"]
[BlackElo "2786"]
[Annotator "Sagar Shah/CB Website"]
[PlyCount "133"]
[EventDate "2016.03.11"]
[EventType "tourn"]
[EventRounds "14"]
[EventCountry "RUS"]
[EventCategory "22"]
[SourceTitle "CBM 172"]
[Source "ChessBase"]
[SourceDate "2016.05.12"]
[SourceVersion "1"]
[SourceVersionDate "2016.05.12"]
[SourceQuality "1"]

1. e4 e5 2. Nf3 Nc6 3. Bb5 a6 4. Ba4 Nf6 5. O-O Be7 6. d3 b5 7. Bb3 O-O 8. Nc3
d6 9. a3 Na5 10. Ba2 Be6 11. b4 (11. Bxe6 fxe6 12. b4 {was played by the same
players in Sinquefield Cup 2014.}) 11... Bxa2 12. Rxa2 Nc6 13. Bg5 {Until now
we are following the game Anand-Aronian and Dominguez-Tomashevsky but now
Aronian deviates.} Nd7 14. Be3 Nf6 15. Qb1 {Angling for a4.} d5 16. Bg5 d4 17.
Bxf6 dxc3 $5 {This was an interesting pawn sacrifice. Caruana didn't think too
highly of this move at first but later realised that it was tricky. He
commended his opponent for his play after the game.} (17... Bxf6 18. Nd5 a5 {
was a normal way to continue.}) 18. Bxe5 Nxe5 19. Nxe5 Qd6 20. Ng4 $5 (20. Nf3
$5 a5 21. Ra1 $14) (20. f4 {was what Aronian thought was the most natural move.
} Bf6 21. Kh1 Bxe5 22. fxe5 Qxe5 23. Rf5 Qd6 24. Ra1 {Black has regained the
pawn but White has much better structure and stands better.}) 20... a5 21. Ne3
c6 22. a4 $5 (22. Nf5 Qe6 23. Nxe7+ Qxe7 24. Ra1 {Would not be sufficient
compensation for Black for the pawn as after} axb4 25. Qxb4 $1 $16 {There is
no way to regain the pawn.}) 22... axb4 23. axb5 cxb5 24. Nd5 Rfb8 25. Nxe7+ $2
{A pretty poor move which reduces all of White's advantage. It was better to
keep the knight on d5 as it is not possible to dislodge it from there.} (25.
Rxa8 Rxa8 26. d4) 25... Qxe7 26. Qb3 h5 (26... Ra3 27. Rxa3 bxa3 28. Ra1 b4 29.
Rxa3 bxa3 30. Qxb8+ Qf8 31. Qb7 g6 $11) 27. Rfa1 Rxa2 28. Qxa2 Qc5 29. Rb1 Rd8
30. h3 g6 31. Qb3 Rd4 {The position is round about equal.} 32. Re1 Qa7 33. Kf1
{This plan of centralizing the king looks pretty dubious. Maybe it was better
to just stay put. The position is equal.} Kg7 34. Ke2 h4 35. Rd1 Qa5 36. Rb1
Qa6 37. Kf1 Qd6 38. Ra1 $2 {A careless move by Caruana. Aronian had a winning
move here, which could have been of the most brilliant combinations of the
entire tournament!} (38. Re1 $11) 38... Qc5 $2 (38... Rxd3 $3 {Unbelievable as
it may seem, this rook sacrifice is made not for an immediate finish but to
clear the path for the queenside pawns which just cannot be stopped!} 39. cxd3
Qxd3+ 40. Ke1 (40. Kg1 $2 Qc4 $3 $19 {And the pawns are just cruising with
b3-c2 etc.}) 40... Qxe4+ 41. Kf1 (41. Kd1 c2+ $1 42. Qxc2 Qd4+ $19) 41... Qd3+
42. Ke1 Qd2+ 43. Kf1 c2 44. Qb2+ Kh7 {The king is safe here and now the next
threat is b3, b4 followed by Qc3!} 45. Kg1 b3 46. Rf1 (46. Kh2 Qf4+ 47. Kg1 b4
$19) (46. Qxb3 c1=Q+) 46... Qf4 $19 (46... b4 $2 47. Qxb3 c1=Q 48. Qxf7+ $11))
39. Rb1 Qa7 40. Ke2 g5 $6 {This move weakens the kingside a bit and it was
quite a drastic decision to make especially on the 40th move.} 41. Rg1 Qd7 42.
Ra1 Qe7 43. Ra6 Qc7 44. Ra8 Qf4 45. Ra1 g4 (45... Rxd3 {is similar to the
previous Rxd3 variation. The only difference is that the pawn is on g5 and
this is the thing which allows White to hold.} 46. cxd3 Qd2+ 47. Kf1 Qxd3+ 48.
Kg1 Qc4 49. Qd1 c2 50. Qc1 $1 {Attacking the g5 pawn. This is the crucial
tempo.} (50. Qh5 c1=Q+) 50... Kh6 (50... f6 51. e5 $1) (50... Kg6 51. Ra6+ Kh5
52. g4+ hxg3 53. fxg3 Qe2 54. Qb2 (54. g4+ Kh4 55. Rh6+ Kg3 $19) 54... Qe1+ 55.
Kg2 Qe2+ $11) 51. Qb2 $11) 46. hxg4 Qxg4+ 47. Ke3 (47. Kf1 h3 48. gxh3 Qxh3+
49. Ke2 Qg4+ 50. Ke3 Rd6 51. Qxb4 Rf6 $2 (51... Qh3+ $11) 52. Kd4 $1 $18) 47...
Rd6 48. Qxb4 Qg5+ 49. Ke2 Rf6 $1 (49... Qd2+ 50. Kf1 Rf6 51. Qc5 $11) 50. Qxc3
Qxg2 51. Qd4 h3 (51... Qf3+ 52. Ke1 (52. Kd2 h3) 52... h3 {forces White to be
extremely accurate.} 53. e5 Re6 54. Qe4 Qxe4+ 55. dxe4 Rxe5 56. Kf1 Rxe4 57.
Kg1 {With a probable draw.}) 52. Qe3 Qg4+ 53. Kd2 (53. f3 Qg2+ 54. Qf2 Rg6 55.
Qxg2 Rxg2+ 56. Kf1 Rxc2 57. Kg1 $11) 53... Qg2 54. Ke2 Qg4+ 55. Kd2 h2 56. Rh1
Qg2 57. Qg3+ Qxg3 58. fxg3 Rf2+ 59. Kc3 {This is a complicated endgame.
Although the evaluation is equal, White is the one who has to be careful. He
must create counterplay before the Black king reaches to g3.} Kf6 60. d4 Kg5 (
60... Rg2 61. Kb4 Rxc2 62. Kxb5 $11) 61. d5 Kf6 (61... Kg4 62. d6 Kxg3 63. d7
$18) 62. g4 Ke5 63. g5 b4+ 64. Kxb4 Rxc2 65. Kb5 Kd6 66. Kb4 Ke5 67. Kb5 {
No improvement can be made and the game ends in a draw. A very interesting
battle.} 1/2-1/2

[Event "Tatran Cup"]
[Site "Stary Smokovec"]
[Date "1991.??.??"]
[Round "2"]
[White "Gross, Stefan"]
[Black "Sokolov, Ivan"]
[Result "0-1"]
[WhiteElo "2430"]
[BlackElo "2570"]
[Annotator "Schussler,H"]
[PlyCount "118"]
[EventDate "1991.10.??"]
[EventType "tourn"]
[EventRounds "9"]
[EventCountry "CSR"]
[EventCategory "10"]
[SourceTitle "CBM 026"]
[Source "ChessBase"]
[SourceDate "1992.02.01"]
[SourceVersion "1"]
[SourceVersionDate "1992.02.01"]
[SourceQuality "1"]

1. e4 e5 2. Nf3 Nc6 3. Bb5 a6 4. Ba4 Nf6 5. d4 Nxe4 $5 (5... exd4 6. O-O Be7 {
(C 84)} 7. e5 (7. Re1 b5 8. e5 Nxe5 9. Rxe5 d6 10. Re1 bxa4 11. Nxd4 Bd7 12.
Qf3 O-O 13. Nc6 Bxc6 14. Qxc6 Re8 15. Nc3 Qd7 $10) 7... Ne4 8. Nxd4 O-O 9. Nf5
d5 10. Bxc6 bxc6 11. Nxe7+ Qxe7 12. Re1 Re8 13. f3 Nd6 $10) 6. Qe2 b5 7. Qxe4
d5 8. Qe3 bxa4 9. Nxe5 $14 Nxe5 10. Qxe5+ (10. O-O Be6 11. dxe5 Qd7 12. Nc3 Bb4
13. Qg3 O-O 14. Bh6 f6 15. Bf4 $14 {Holmov-Hasin, Soviet (ch) 1961.}) 10... Be6
11. Nc3 Qd7 12. O-O Bd6 13. Qg5 h6 $1 14. Qe3 (14. Qxg7 Ke7 15. Bxh6 Rag8 16.
Bg5+ Ke8 $19) 14... O-O 15. b3 Bf5 $10 16. Nxa4 Bxc2 17. Bd2 Rae8 18. Qc3 Qf5
19. Nc5 Re2 20. Nb7 Rfe8 21. Rac1 Bd3 22. Nxd6 cxd6 23. Rce1 Rc8 24. Qa5 Qg4
25. h3 Qxd4 26. Rxe2 Bxe2 27. Re1 Qe4 28. Be3 Rc2 29. Qd8+ Kh7 30. Qxd6 f6 31.
a3 Qd3 32. b4 Qc3 33. Rb1 Qe5 34. Qb6 Ra2 35. Re1 Bc4 36. Bd2 Qb2 37. Bc1 Qc2
38. Qd4 Qf5 39. Rd1 Re2 40. Be3 Qe5 41. Qa7 Kg6 42. Bd4 Qf5 43. Bc5 Kh7 44. Bf8
Qg6 45. Qd4 h5 46. Qc3 Qe8 47. Bc5 Qe4 48. Rc1 Ra2 49. Bd4 Qg6 50. Rd1 Be2 51.
Ra1 Rc2 52. Qe3 Bd3 53. Kh2 Re2 54. Qg3 Qe4 55. Bc5 h4 56. Qd6 Bb1 57. a4 Re1
58. Ra3 Bd3 59. Qc7 Rc1 0-1

[Event "Munich SKA"]
[Site "Munich"]
[Date "1991.05.16"]
[Round "11"]
[White "Yudasin, Leonid"]
[Black "Huebner, Robert"]
[Result "0-1"]
[WhiteElo "2645"]
[BlackElo "2620"]
[Annotator "Schussler,H"]
[PlyCount "120"]
[EventDate "1991.05.04"]
[EventType "tourn"]
[EventRounds "13"]
[EventCountry "GER"]
[EventCategory "14"]
[SourceTitle "CBM 023"]
[Source "ChessBase"]
[SourceDate "1991.08.01"]
[SourceVersion "1"]
[SourceVersionDate "1991.08.01"]
[SourceQuality "1"]

1. e4 e5 2. Nf3 Nc6 3. Bb5 a6 4. Ba4 Nf6 5. d3 d6 6. c4 {It`s not surprising
that this move has gained in popularity. It stops b7-b5, strengthens White`s
control over d5 and, more important, gains space. As White plans a later
advance with the c- and d-pawns one day he has to play c4.} g6 7. h3 Bg7 8. Nc3
O-O 9. Be3 Nd7 10. Bxc6 bxc6 11. Qd2 f5 12. exf5 gxf5 13. Bh6 Bxh6 14. Qxh6 Qf6
15. Qxf6 Nxf6 16. d4 e4 17. Nd2 f4 $1 18. f3 (18. Ndxe4 Nxe4 19. Nxe4 Re8 20.
f3 d5 $19) 18... e3 $15 19. Nde4 Bf5 20. Ke2 Rae8 21. Nxf6+ Rxf6 22. g3 fxg3
23. Rag1 Rg6 24. Rg2 Kf7 25. h4 Kf6 26. Rhg1 Rh6 27. Rh1 Rg6 28. Nd1 Be6 29. b3
Kf5 30. h5 Rgg8 31. h6 d5 32. c5 a5 33. Nxe3+ Kf4 34. Kd2 Bc8 35. Re2 Ba6 36.
Ng2+ Kxf3 37. Rf1+ Kg4 38. Rf4+ Kg5 39. Re3 Rxe3 40. Kxe3 Re8+ 41. Kf3 Re2 42.
Rg4+ Kxh6 43. Rxg3 Rxa2 44. Ne3 Bd3 45. Ng4+ Kg7 46. Ne5+ Bg6 47. Nxc6 Kf6 48.
Kf4 Be8 49. Ne5 Re2 50. Rg8 Re4+ 51. Kg3 Bb5 52. Ng4+ Ke6 53. Rh8 Rxd4 54. Rxh7
c6 55. Rh6+ Kf5 56. Rh5+ Ke4 57. Kf2 Rd2+ 58. Ke1 Re2+ 59. Kd1 Rg2 60. Nf6+ Kd4
0-1

[Event "Las Palmas"]
[Site "Las Palmas"]
[Date "1996.12.15"]
[Round "5"]
[White "Anand, Viswanathan"]
[Black "Topalov, Veselin"]
[Result "1/2-1/2"]
[WhiteElo "2735"]
[BlackElo "2750"]
[Annotator "Shamkovich,L"]
[PlyCount "57"]
[EventDate "1996.12.08"]
[EventType "tourn"]
[EventRounds "10"]
[EventCountry "ESP"]
[EventCategory "21"]
[SourceTitle "CBM 057"]
[Source "ChessBase"]
[SourceDate "1997.04.01"]
[SourceVersion "1"]
[SourceVersionDate "1997.04.01"]
[SourceQuality "1"]

1. e4 e5 2. Nf3 Nc6 3. Bb5 a6 4. Ba4 Nf6 5. O-O Bc5 6. d3 d6 {This quiet
system has a drawish reputation.} 7. Nc3 (7. Be3 Bxe3 8. fxe3 O-O 9. Nc3 b5 10.
Bb3 Na5 11. Qe1 c5 12. Bd5 Nxd5 13. exd5 f5 14. a3 Bd7 15. Kh1 Nb7 {Black is
no worse, Illescas Cordoba,M-Malaniuk,V/32nd Chess Olympiad Yerevan ARM 1996})
(7. c3 O-O 8. Nbd2 b5 9. Bc2 Bb6 10. h3 Ne7 11. Re1 Ng6 12. Nf1 h6 13. a4 {
White is slightly better, Hartman,C-Martinovsky,E/It, Wrexham WAL 1996}) 7...
b5 8. Bb3 Na5 9. Kh1 c6 10. h3 Ra7 11. Nh2 O-O 12. f4 {The only chance to
break through} Nxb3 13. axb3 Re8 14. fxe5 dxe5 15. Qe1 Nd7 16. Nf3 Nf8 17. Be3
Bxe3 18. Qxe3 Rd7 19. Rf2 f6 20. Nh4 Ne6 21. Nf5 Nd4 {The chances are equal}
22. Qg3 Nxf5 23. Rxf5 c5 24. Rf2 Bb7 25. Raf1 Rf7 26. Nd5 Bxd5 27. exd5 Qxd5
28. Rxf6 Rxf6 29. Rxf6 1/2-1/2

[Event "Thessaloniki FIDE GP"]
[Site "Thessaloniki"]
[Date "2013.06.02"]
[Round "10"]
[White "Topalov, Veselin"]
[Black "Caruana, Fabiano"]
[Result "0-1"]
[WhiteElo "2793"]
[BlackElo "2774"]
[Annotator "Szabo,Kr"]
[PlyCount "120"]
[EventDate "2013.05.22"]
[EventType "tourn"]
[EventRounds "11"]
[EventCountry "GRE"]
[EventCategory "21"]
[SourceTitle "CBM 155"]
[Source "ChessBase"]
[SourceDate "2013.07.16"]
[SourceVersion "1"]
[SourceVersionDate "2013.07.16"]
[SourceQuality "1"]

1. e4 e5 2. Nf3 Nc6 3. Bb5 a6 4. Ba4 Nf6 5. O-O b5 6. Bb3 Bc5 7. Nc3 {This is
not so popular as 7.c3 or 7.a4, but a logical positional move, White wants to
occupy the d5-square immediately.} d6 (7... O-O {is the other line.}) 8. Nd5
Na5 {A rare move. Black would like to remove the b3 B, but he allows White's
next move.} ({In the event of} 8... Rb8 9. c3 Nxd5 10. Bxd5 Ne7 11. Bb3 O-O 12.
d4 exd4 13. cxd4 Bb6 14. h3 h6 15. Re1 c5 16. Be3 Bb7 17. Rc1 Rc8 18. dxc5 Bxc5
19. Nh4 Qb6 20. Rc3 $14 {White was slightly better, Grischuk-Lenic, Porto
Carras 2011.}) 9. d4 $1 {An important principle. When your opponent's piece
goes to the edge of the board, you should attack in the centre!} Nxb3 (9...
exd4 $5 {was the alternative} 10. Bg5 c6 11. Nxf6+ gxf6 12. Bh4 Rg8 13. Nxd4
Bxd4 14. Qxd4 c5 {followed by c4. This is the point, why Black doesn't take on
b3.}) 10. axb3 Nxd5 $146 {The new move in the game.} (10... exd4 $6 {was
dubious, as} 11. Bg5 c6 12. Nxf6+ gxf6 13. Bh4 Rg8 {(Satyapragyan-Deshmukh,
Tirupati 2012)} 14. Nxd4 Rg4 15. Bg3 Rxe4 16. Nxb5 $1 {and Black's position is
hopeless, for example:} cxb5 17. Qd5 $18) 11. exd5 exd4 12. Re1+ Kf8 13. Nxd4 {
White has gained some space. His position looks comfortable, because the black
K didn't castle, that's why it is not so easy to finish the development for
Black.} Bd7 {Otherwise Nc6.} 14. Be3 Qf6 15. Qd2 h5 {A logical move. Black
wants to find some counterplay with h4-h3, and sometimes he can bring his R
from h5.} 16. b4 Bb6 17. Ra3 ({The engine suggests} 17. Nf3 Bxe3 18. Rxe3 {
, but I like Topalov's move too.}) 17... h4 18. Ne6+ $1 {A very pretty
tactical move, but still Black's position doesn't collapse.} Kg8 $1 {This is
forced.} (18... fxe6 $6 {is bad, as} 19. Bxb6 {followed by Rf3.}) 19. Bxb6 cxb6
20. Ng5 (20. Rf3 $5 {was an interesting alternative} Qh6 (20... Qg6 21. Nf4)
21. Ng5 {is also dangerous for Black!}) 20... Rc8 $6 {A dubious move, but
Caruana wants to activate his R.} (20... Qxb2 $6 21. Rc3 $36 {and White is
very active.}) ({Maybe} 20... Rh5 {was the best} 21. f4 Qxb2 22. Rc3 Rf8 23.
Rc7 Bf5 {and it is also difficult to continue with White.}) 21. Rf3 $6 (21.
Rxa6 $1 {The computer is very happy and immediately takes the material. By
human measures, in a practical game it is too risky, probably that's why
Topalov didn't take it.} Rh5 22. f4 Qxb2 23. Ra7 $1 Bf5 24. Rc7 $1 $18 {
and Black's back rank is weak.}) 21... Qg6 22. Rd3 {A good solid move.} (22.
Rxf7 $2 {doesn't work, as} Rh5 $1 23. Rxd7 Rxg5 {and suddenly Black becomes
very active.}) ({or} 22. Nxf7 $6 {is also weak, because of} Rh5 $1 {the f7 N
is in a trouble and the c2 P is also hanging.}) 22... Rh5 23. f4 f6 24. Ne4 Rc7
25. Nxd6 $6 {A very dangerous move. After this, the N can't come back.} ({
The solid} 25. c3 {was easier, for example:} Bf5 26. Rde3 Bxe4 27. Rxe4 Qf5 28.
Qe3 $14 {and Black's position has some weaknesses.}) 25... f5 $1 {Black
deprives the N of the e4-square.} 26. Qe2 (26. Ne8 $5 {is a typical engine line
} Bxe8 27. Re6 Qf7 28. Rde3 Bd7 29. Re7 Qf6 30. d6 Ra7 31. Qd5+ Kh7 32. Rf7
Qxb2 33. Qe5 Qxe5 34. fxe5 Kg6 35. e6 Rh8 {and finally Black should level the
endgame.}) 26... Rh6 27. Ne8 Rc8 28. Re3 Kf8 29. Nxg7 $6 (29. c3 {was
interesting} Rxe8 30. Re7 $44 {with some compensations.}) 29... Qxg7 30. c3 Qg4
31. Qd2 Rh7 32. Qd4 Rg7 $15 {Caruana protects his position, Black is already
slightly better.} 33. R1e2 Qg6 34. b3 a5 35. bxa5 bxa5 36. h3 a4 37. Qb4+ Kg8
38. bxa4 bxa4 39. c4 Qf6 40. c5 Qf8 41. d6 (41. Rc2 $142 {was more precise,
but White's position was already difficult.}) 41... Rb8 42. Qd4 Bc6 43. Re7 a3
44. Qc4+ Kh8 45. Qc3 Ra8 $6 (45... Kh7 {was the correct move} 46. Qxa3 Be4 $1
$19 {and Black should be winning.}) 46. Qa1 $6 (46. d7 $1 {was the only chance}
Be4 (46... a2 47. Qa1 {transposes to the game.}) 47. R7xe4 $1 fxe4 48. Qe5 $1 {
Black can't avoid the perpetual check.}) 46... Be4 $1 47. Qe5 Bc6 $2 (47... a2
$19 {was an easy win.}) 48. Qa1 $6 {Another inaccuracy.} (48. Kh2 $1 {is the
exact} a2 49. Qa1 {with transposes to the game.}) 48... a2 $2 (48... Be4 $1 {
Black should return to the game.}) 49. Kh2 (49. d7 $1 Be4 50. Rxg7 Qxg7 51.
Qxg7+ Kxg7 52. Rxa2 Rd8 53. Ra7 Kf7 54. Rc7 Ke7 55. c6 $11 {with a drawish
endgame.}) 49... Be4 50. Rc7 Qg8 51. Re7 $2 (51. Rd2 $1 {was a very difficult
computer move.} Kh7 52. Qf6 $1 Rxc7 53. Qxh4+ Kg7 54. dxc7 a1=Q 55. Qg5+ Kh7
56. Qh4+ {with a nice perpetual check.}) 51... Kh7 52. Qf6 Rxe7 53. Qxh4+ Kg7
54. Qxe7+ Kh8 $2 {Another mistake.} (54... Qf7 {was the only winning move:} 55.
Qg5+ Qg6 56. Qe7+ Kg8 $19 {and Black wins.}) 55. Rxe4 $2 (55. Rxa2 $1 {have
been saved the game} Rxa2 (55... Qxa2 56. Qf6+ Kg8 57. Qg5+ $11) 56. Qh4+ Kg7
57. Qg5+ $11) 55... a1=Q $19 56. Re5 Qb2 57. Re2 Qbg7 58. Qh4+ Q8h7 59. Qe1
Qhg6 60. d7 Qxd7 {This was a fantastic huge, struggle!} 0-1